Hunderassen erkennen: Vorstehhunde Teil 2 - Statistiken

Allgemein
  • Dieses Quiz wurde 14 mal gespielt
  • Das Durchschnittsergebnis liegt bei 3 aus 13
Antwortstatistiken
Bildquiz Antwort % Korrekt
Großer Münsterländer Vorstehhund
89%
Kleiner Münsterländer
67%
Deutsch Langhaar
44%
Italienischer Spinone
22%
Blauer Picardie-Spaniel
11%
Böhmisch Rauhbart
11%
Bretonischer Spaniel
11%
Französischer rauhaariger Vorstehhund
11%
Französischer Spaniel
11%
Friesischer Vorstehhund
11%
Picardie-Spaniel
11%
Point-Audemer Spaniel
11%
Drent'scher Hühnerhund
0%
Keine übereinstimmenden Quizze gefunden
Verteilung der Resultate
Anzahl Personen mit jedem Resultat
Perzentil nach korrekt beantworteten Fragen
Ihre Resultats-Entwicklung
Sie haben dieses Quiz noch nicht gespielt